Compiler design / (Record no. 61916)
[ view plain ]
| 000 -LEADER | |
|---|---|
| fixed length control field | 01163cam a2200277 a 4500 |
| 001 - CONTROL NUMBER | |
| control field | 1143530 |
| 003 - CONTROL NUMBER IDENTIFIER | |
| control field | NUST-PNEC |
| 005 - DATE AND TIME OF LATEST TRANSACTION | |
| control field | 20170116180735.0 |
| 008 - FIXED-LENGTH DATA ELEMENTS--GENERAL INFORMATION | |
| fixed length control field | 950523s1995 enka b 001 0 eng |
| 010 ## - LIBRARY OF CONGRESS CONTROL NUMBER | |
| LC control number | 95022125 |
| 020 ## - INTERNATIONAL STANDARD BOOK NUMBER | |
| International Standard Book Number | 0201422905 |
| 040 ## - CATALOGING SOURCE | |
| Transcribing agency | PNEC |
| 050 00 - LIBRARY OF CONGRESS CALL NUMBER | |
| Classification number | QA76.76.C65 |
| Item number | W55 1995 |
| 082 00 - DEWEY DECIMAL CLASSIFICATION NUMBER | |
| Classification number | 005.453 WIL |
| Edition number | 20 |
| 100 1# - MAIN ENTRY--PERSONAL NAME | |
| Personal name | Wilhelm, R. |
| Fuller form of name | (Reinhard), |
| Dates associated with a name | 1946- |
| 245 10 - TITLE STATEMENT | |
| Title | Compiler design / |
| Statement of responsibility, etc. | Reinhard Wilhelm, Dieter Maurer ; translated by Stephen S. Wilson. |
| 260 ## - PUBLICATION, DISTRIBUTION, ETC. | |
| Place of publication, distribution, etc. | Wokingham, England : |
| -- | Reading, MA : |
| Name of publisher, distributor, etc. | Addison-Wesley Publishing Co., |
| Date of publication, distribution, etc. | 1995. |
| 300 ## - PHYSICAL DESCRIPTION | |
| Extent | xv, 606 p. : |
| Other physical details | ill. ; |
| Dimensions | 24 cm. |
| 504 ## - BIBLIOGRAPHY, ETC. NOTE | |
| Bibliography, etc. note | Includes bibliographical references (p. 591-598) and index. |
| 650 #0 - SUBJECT ADDED ENTRY--TOPICAL TERM | |
| Topical term or geographic name entry element | Compilers (Computer programs) |
| General subdivision | Computer, MIS |
| 700 1# - ADDED ENTRY--PERSONAL NAME | |
| Personal name | Maurer, Dieter, |
| Titles and other words associated with a name | Dipl.-Math. |
| 856 ## - ELECTRONIC LOCATION AND ACCESS | |
| Uniform Resource Identifier | <a href="http://www.amazon.com/Compiler-Design-International-Computer-Science/dp/0201422905/ref=sr_1_1?s=books&ie=UTF8&qid=1416658334&sr=1-1&keywords=0201422905">http://www.amazon.com/Compiler-Design-International-Computer-Science/dp/0201422905/ref=sr_1_1?s=books&ie=UTF8&qid=1416658334&sr=1-1&keywords=0201422905</a> |
| 906 ## - LOCAL DATA ELEMENT F, LDF (RLIN) | |
| a | 7 |
| b | cbc |
| c | orignew |
| d | 1 |
| e | ocip |
| f | 19 |
| g | y-gencatlg |
| 942 ## - ADDED ENTRY ELEMENTS (KOHA) | |
| Source of classification or shelving scheme | |
| Koha item type | Book |
| Withdrawn status | Lost status | Source of classification or shelving scheme | Damaged status | Not for loan | Permanent Location | Current Location | Shelving location | Date acquired | Source of acquisition | Cost, normal purchase price | Total Checkouts | Full call number | Barcode | Date last seen | Cost, replacement price | Price effective from | Koha item type |
|---|---|---|---|---|---|---|---|---|---|---|---|---|---|---|---|---|---|
| Pakistan Navy Engineering College (PNEC) | Pakistan Navy Engineering College (PNEC) | 11/03/2000 | - | 260.00 | 005.453 WIL | PNECLIB-023208 | 11/22/2014 | 260.00 | 11/03/2000 | Book | |||||||
| Pakistan Navy Engineering College (PNEC) | Pakistan Navy Engineering College (PNEC) | 11/06/2001 | NUST Recurring A/c | 650.00 | 005.453 WIL | PNECLIB-025404 | 11/27/2014 | 650.00 | 11/06/2001 | Book |
